| 000 | 00911nam a2200217 a 4500 | ||
|---|---|---|---|
| 003 | AM-YeHGA | ||
| 040 | _aAM-YeHGA | ||
| 090 | _c445745 | ||
| 005 | 20250617155946.0 | ||
| 008 | 190621s2019 ai a|||gr|||||00||p|arm|| | ||
| 020 | _a9789939843469 | ||
| 041 | 0 | _aarm | |
| 100 | 1 | _aՀովհաննիսյան, Համիկ | |
| 245 | 1 | 0 |
_aՆռնենի ։ _bԲանաստեղծություններ / _cՀ․ Հովհաննիսյան ; Առաջաբան և խմբագիր՝ Հ․ Հովհաննիսյան ; [Ձևավորող՝ Ա․ Գևորգյան]․ |
| 260 |
_aԵրևան ։ _bՀՃՈւ, _fՎՄՎ Պրինտ, _c2019․ |
||
| 300 |
_a96 էջ ։ _bնկարներ ; _c18 սմ․ |
||
| 650 | 1 | 4 | _aՀայ պոեզիա |
| 700 | 1 |
_aՀովհաննիսյան, Հռիփսիմէ _eառաջաբանի հեղինակ _4aui _4խմբագիր _4edt |
|
| 700 | 1 |
_aԳևորգյան, Արմեն _eձևավորող _4bkd |
|
| 942 |
_2udc _cBK |
||
| 999 |
_c442936 _d442936 |
||